000
00267 a2200109 4500
020
_a
0830645918
082
_a
005.73 SHA
100
_a
Shammas, Namir C.
245
_a
Visual C++ Generic Programming
_c
N. C. Shammas
260
_a
US
_b
McGraw Hill
_c
1994
300
_a
x, 318p. :
_c
25cm
650
_a
C++
999
_c
164
_d
164